00423nam a2200145Ia 4500008004100000041000900041082002000050100002100070245002300091260003300114300000800147650000800155999001700163952009700180230718s9999 xx 000 0 und d aEng. a344.5491bASA-P aAsad , Mian Umar 0aPolice order, 2002 aPakistanbMansoor Bookc2014 a117 aLaw c31860d31860 00104070aSIRC-LbSIRC-Ld2023-07-18l0o344.5491 ASA-Pp26811r2023-07-18w2023-07-18yBK